000
00341 a2200157 4500
001
60418
020
_a
040
_c
Anchieta - Pituba
100
_a
Anchieta, José de
240
1
0
_a
Cartas
_l
por
245
1
0
_a
Cartas
300
_a
528
362
0
_a
1984
650
4
_a
Tratamento historico e geografico de pessoas cristãs
942
_c
BK
999
_c
60418
_d
60418